|
|
|
|
| LEADER |
00000nam a2200000 a 4500 |
| 001 |
UCK9131 |
| 003 |
CL-VaPUC |
| 008 |
060421e20050000CL |||||||||||||||||spa|d |
| 020 |
|
|
|a 9568268081
|
| 082 |
0 |
4 |
|a Ch861
|b MIR
|2 21
|
| 100 |
|
|
|a Miranda Casanova, Hernán
|e autor
|9 498845
|
| 245 |
1 |
0 |
|a Bar abierto
|
| 250 |
|
|
|a 1a. ed
|
| 300 |
|
|
|a 129 p
|
| 942 |
|
|
|c BK
|
| 945 |
|
|
|d 20060421 00:00:00
|a cmena
|
| 260 |
|
|
|a Ancud
|b Tácitas
|c 2005
|
| 650 |
|
0 |
|a Poesías chilenas
|9 265280
|
| 650 |
|
0 |
|a Literatura chilena
|9 308278
|
| 583 |
|
|
|a last modification
|c 20120511 11:54:44
|k Rodrigo Vera
|
| 999 |
|
|
|c 316416
|d 316414
|
| 952 |
|
|
|0 0
|1 0
|4 0
|6 CH_861_000000000000000_MIR_2005
|7 0
|8 A
|9 390785
|a BIBEDU
|b BIBEDU
|d 2019-11-22
|i 4195663
|o Ch861 MIR 2005
|p 4195663
|r 2019-11-22
|w 2019-11-22
|y BK
|k LIT
|